| 000 | 00720nam a2200229 i 4500 | ||
|---|---|---|---|
| 003 | DO-SdBNP | ||
| 005 | 20230915131543.0 | ||
| 007 | ta | ||
| 008 | 100308s1963 dr a 000 0 spa d | ||
| 040 |
_aDO-SdBNP _bspa _cBNPHU _erda |
||
| 082 |
_bV443l _222 |
||
| 100 |
_aVeloz, Livia, _d1892-1980 _930270 |
||
| 245 | 0 | 0 |
_aLibro dominicano de lectura : _bcuarto, quinto curso, enseƱanza primaria _cLivia Veloz |
| 264 | 1 |
_aSanto Domingo : _bLibreria Dominicana, _c1963. |
|
| 300 |
_a269 paginas ; _c21 cm. _bilustraciones |
||
| 336 |
_2rdacontent _atexto _btxt |
||
| 337 |
_2rdamedia _asin mediación _bn |
||
| 338 |
_2rdacarrier _avolumen _bnc |
||
| 590 | _aInventariado, 2023 / YL | ||
| 910 | _aYlockward | ||
| 942 |
_2ddc _cLBS1 |
||
| 999 |
_c54781 _d54781 |
||